000 01130nam a22002777a 4500
005 20240530110357.0
008 150105s2009 ua o f 000 0aara d
017 _a13635/2008
_bمصر . دار الكتب المصرية
020 _a9789770924673
040 _aEG-CaGPL
041 0 _aara
082 0 4 _221
_a923.2
_bق/ن م
100 0 _aنوبار باشا
245 1 0 _aمذكرات نوبار باشا /
_cمقدمة و ملاحظات ميريت بطرس غالى ؛ ترجمة جارم روبير طبقيان ؛ مراجعة الهام ذهبى ؛ تقديم ودراسة وتعليق لطفية محمد سالم
250 _aط 1
260 _aالقاهرة :
_bدار الشروق ،
_c2009
300 _a724 ص ؛
_c24 سم
600 0 _aنوبار باشا
651 0 4 _aمصر
_xتاريخ
_yالعصر الحديث
700 0 _aلطفية محمد سالم
_eمقدم
700 0 _aميريت بطرس غالى
_eمقدم
700 0 _aالهام ذهنى
_eمراجع
700 0 _aجارو روبير طبقيان
_eمترجم
942 _2ddc
_cBK
999 _c60194
_d60194